000 01458cam a2200373 a 4500
001 EDZ0000116357
003 StDuBDS
005 20161031105118.0
006 m||||||||d||||||||
007 cr |||||||||||
008 130111s2006 enka fo| 000|0|eng d
020 _a9781446261422 (ebook) :
_cNo price
040 _aStDuBDS
_beng
_cStDuBDS
_epn
049 _aAlfaisal Main Library
050 0 _aH62
_b.D596 2006
082 0 4 _a300.72
_223
245 0 0 _aDocumentary research
_h[electronic resource] /
_cedited by John Scott.
260 _aLondon :
_bSAGE,
_c2006.
300 _a1 online resource (4 v.) :
_bill.
490 1 _aSAGE benchmarks in social research methods
520 8 _aDocumentary research is arguably the most widely utilized area of research in the social sciences. This compendium offers a comprehensive overview of current methodologies for documentary research.
521 _aSpecialized.
588 _aDescription based on print version record.
504 _aIncludes bibliographical references.
650 0 _aSocial sciences
_xResearch
_xMethodology.
650 0 _aArchival resources.
655 7 _aElectronic books.
_2local
700 1 _aScott, John,
_d1949-
710 2 _aSage eBooks
776 0 8 _iPrint version :
_z9781412908177
830 0 _aSAGE benchmarks in social research methods.
856 4 0 _uhttp://ezproxy.alfaisal.edu/login?url=http://sk.sagepub.com/navigator/documentary-research
942 _2lcc
_cEBOOKS
999 _c479543
_d479543